000
00327nam a22001457a 4500
003
SGT
020
_a
9788189530419
082
_a
346.20954,BAN
100
_a
BANGIA,R.K
245
_a
INDIAN CONTRACT ACT
260
_a
FARIDABAD
_b
ALLAHABAD LAW AGENCY
_c
2013
300
_a
522
650
_a
INDIAN CONTRACT ACT
942
_2
ddc
_c
BK
999
_c
9568
_d
9568